Numbers that don't contain any of the letters N, U, M, B, E or R - Statistics

General Stats
  • This quiz has been taken 249 times
  • The average score is 6 of 8
Answer Stats
Answer % Correct
two
98%
six
97%
fifty
76%
fifty-six
75%
sixty
75%
fifty-two
73%
sixty-two
72%
sixty-six
71%
No matching quizzes found
Score Distribution
Percent of People with Each Score
Percentile by Number Answered
Your Score History
You have not taken this quiz